Policy and politics for nurses and other health professionals : (Record no. 23848)
[ view plain ]
| 000 -LEADER | |
|---|---|
| fixed length control field | 00998nam a22002895a 4500 |
| 005 - DATE AND TIME OF LATEST TRANSACTION | |
| control field | 20170105131003.0 |
| 008 - FIXED-LENGTH DATA ELEMENTS--GENERAL INFORMATION | |
| fixed length control field | 170105t2016 maua frb 001 0 eng d |
| 020 ## - INTERNATIONAL STANDARD BOOK NUMBER | |
| International Standard Book Number | 9781284053296 |
| 040 ## - CATALOGING SOURCE | |
| Original cataloging agency | EG-ScBUE |
| Language of cataloging | eng |
| Transcribing agency | EG-ScBUE |
| Modifying agency | EG-ScBUE |
| 043 ## - GEOGRAPHIC AREA CODE | |
| Geographic area code | n-us--- |
| 082 04 - DEWEY DECIMAL CLASSIFICATION NUMBER | |
| Edition number | 22 |
| Classification number | 362.10973 |
| Item number | NIC |
| 100 1# - MAIN ENTRY--PERSONAL NAME | |
| Personal name | Nickitas, Donna M. |
| 245 10 - TITLE STATEMENT | |
| Title | Policy and politics for nurses and other health professionals : |
| Remainder of title | advocacy and action / |
| Statement of responsibility, etc | Donna M. Nickitas, Donna J. Middaugh, Nancy Aries. |
| 250 ## - EDITION STATEMENT | |
| Edition statement | 2nd ed. |
| 260 ## - PUBLICATION, DISTRIBUTION, ETC. (IMPRINT) | |
| Place of publication, distribution, etc | Burlington : |
| Name of publisher, distributor, etc | Jones & Bartlett Learning, |
| Date of publication, distribution, etc | c.2016. |
| 300 ## - PHYSICAL DESCRIPTION | |
| Extent | xviii, 333 p. : |
| Other physical details | ill. ; |
| Dimensions | 24 cm. |
| 500 ## - GENERAL NOTE | |
| General note | Index : p. 319-333. |
| 504 ## - BIBLIOGRAPHY, ETC. NOTE | |
| Bibliography, etc | Includes bibliographical references. |
| 650 #0 - SUBJECT ADDED ENTRY--TOPICAL TERM | |
| Source of heading or term | BUEsh |
| Topical term or geographic name as entry element | Medical policy |
| Geographic subdivision | United States. |
| 650 #0 - SUBJECT ADDED ENTRY--TOPICAL TERM | |
| Topical term or geographic name as entry element | Medical care, Cost of |
| Geographic subdivision | United States. |
| Source of heading or term | BUEsh |
| 650 #0 - SUBJECT ADDED ENTRY--TOPICAL TERM | |
| Topical term or geographic name as entry element | Lobbying |
| Geographic subdivision | United States. |
| Source of heading or term | BUEsh |
| 651 ## - SUBJECT ADDED ENTRY--GEOGRAPHIC NAME | |
| Source of heading or term | BUEsh |
| 653 ## - INDEX TERM--UNCONTROLLED | |
| Resource For college | Nursing |
| Arrived date list | January2017 |
| 700 1# - ADDED ENTRY--PERSONAL NAME | |
| Personal name | Middaugh, Donna J. |
| 700 1# - ADDED ENTRY--PERSONAL NAME | |
| Personal name | Aries, Nancy. |
| 942 ## - ADDED ENTRY ELEMENTS (KOHA) | |
| Source of classification or shelving scheme | Dewey Decimal Classification |
| Withdrawn status | Item status | Source of classification or shelving scheme | Damaged status | Not for loan | Vendor | Home library | Current library | Shelving location | Date acquired | Source of acquisition | Cost, normal purchase price | Serial Enumeration / chronology | Total Checkouts | Total Renewals | Full call number | Barcode | Date last seen | Date last borrowed | Cost, replacement price | Koha item type |
|---|---|---|---|---|---|---|---|---|---|---|---|---|---|---|---|---|---|---|---|---|
| Dewey Decimal Classification | Academic Bookshop | Central Library | Central Library | First floor | 05/01/2017 | Purchase | 599.90 | 2000074 | 1 | 6 | 362.10973 NIC | 000040767 | 15/07/2025 | 26/10/2021 | 749.88 | Book - Borrowing | ||||
| Dewey Decimal Classification | Academic Bookshop | Central Library | Central Library | First floor | 05/01/2017 | Purchase | 599.90 | 2000074 | 362.10973 NIC | 000040768 | 10/02/2026 | 749.88 | Book - Borrowing |